Gyors matematikai kvíz - X 9 - Kvíz 24 - Statistics

General Stats
  • This quiz has been taken 18 times
  • The average score is 11 of 15
Answer Stats
Hint Answer % Correct
7 63
100%
11 99
100%
25 225
94%
17 153
81%
34 306
81%
37 333
81%
41 369
81%
26 234
75%
39 351
75%
49 441
75%
54 486
63%
67 603
63%
69 621
63%
63 567
56%
73 657
56%
No matching quizzes found
Score Distribution
Percent of People with Each Score
Percentile by Number Answered
Your Score History
You have not taken this quiz